| 000 | 00677nam a2200301Ia 4500 | ||
|---|---|---|---|
| 005 | 20260401122416.0 | ||
| 008 | 008 250103s9999 xx 000 0 eng d | ||
| 020 | _a9780199747498 | ||
| 037 | _aTB | ||
| 040 | _aEDL | ||
| 040 | _beng | ||
| 040 | _cEDL | ||
| 041 | _2eng | ||
| 041 | _aeng | ||
| 084 | _a028.8 JAC | ||
| 084 | _qEDL | ||
| 100 |
_aJacobs, Alan _91233497 |
||
| 245 | 0 | _aPleasures of Reading in an age of Distraction | |
| 245 | 0 | _cJacobs, Alan | |
| 260 | _aNewyork | ||
| 260 | _bOxford University Press | ||
| 260 | _c2011 | ||
| 300 | _a162p | ||
| 942 | _cTB | ||
| 942 | _h028.8 JAC | ||
| 999 |
_c1847088 _d1847088 |
||